<?xml version="1.0" encoding="UTF-8"?><?xml-stylesheet type="text/xsl" href="static/style.xsl"?><OAI-PMH xmlns="http://www.openarchives.org/OAI/2.0/" xmlns:xsi="http://www.w3.org/2001/XMLSchema-instance" xsi:schemaLocation="http://www.openarchives.org/OAI/2.0/ http://www.openarchives.org/OAI/2.0/OAI-PMH.xsd"><responseDate>2026-04-27T21:43:55Z</responseDate><request verb="GetRecord" identifier="oai:uvadoc.uva.es:10324/2784" metadataPrefix="marc">https://uvadoc.uva.es/oai/request</request><GetRecord><record><header><identifier>oai:uvadoc.uva.es:10324/2784</identifier><datestamp>2021-06-29T09:30:13Z</datestamp><setSpec>com_10324_38</setSpec><setSpec>col_10324_852</setSpec></header><metadata><record xmlns="http://www.loc.gov/MARC21/slim" xmlns:doc="http://www.lyncode.com/xoai" xmlns:xsi="http://www.w3.org/2001/XMLSchema-instance" xmlns:dcterms="http://purl.org/dc/terms/" xsi:schemaLocation="http://www.loc.gov/MARC21/slim http://www.loc.gov/standards/marcxml/schema/MARC21slim.xsd">
<leader>00925njm 22002777a 4500</leader>
<datafield tag="042" ind1=" " ind2=" ">
<subfield code="a">dc</subfield>
</datafield>
<datafield tag="720" ind1=" " ind2=" ">
<subfield code="a">Encina Álvarez, Tamara de la</subfield>
<subfield code="e">author</subfield>
</datafield>
<datafield tag="260" ind1=" " ind2=" ">
<subfield code="c">2012</subfield>
</datafield>
<datafield tag="520" ind1=" " ind2=" ">
<subfield code="a">Este proyecto, se basa en un trabajo informativo para aquellos maestros que quieran&#xd;
formarse en un futuro como maestro ACICLE y más detalladamente especialista en&#xd;
Educación Física, el cual, trata de dar respuesta a todos los factores necesarios que&#xd;
debemos tener en cuenta para llegar a ser buenos maestros bilingüe. Lo que he tratado en&#xd;
este trabajo de fin de grado es cómo se enfrenta un profesor a esta demanda, conociendo sus&#xd;
implicaciones y respondiendo a ellas, ya que ya no se trata de enseñar inglés, sino de enseñar&#xd;
usando el inglés, esto conlleva un cambio para el maestro, en cuanto a formación, emociones,&#xd;
metodología, recursos… Se trata de la demanda de un nuevo tipo de profesorado, que forma&#xd;
parte de centros bilingües y que está comenzando o va a comenzar a impartir el área de Educación Física en inglés.</subfield>
</datafield>
<datafield tag="024" ind2=" " ind1="8">
<subfield code="a">http://uvadoc.uva.es/handle/10324/2784</subfield>
</datafield>
<datafield ind1=" " ind2=" " tag="653">
<subfield code="a">Enseñanza bilingüe</subfield>
</datafield>
<datafield ind1=" " ind2=" " tag="653">
<subfield code="a">Educación física-Enseñanza primaria</subfield>
</datafield>
<datafield tag="245" ind1="0" ind2="0">
<subfield code="a">Bilingüismo en Educación Física</subfield>
</datafield>
</record></metadata></record></GetRecord></OAI-PMH>